| 000 | 01082cam a22002414a 4500 | ||
|---|---|---|---|
| 005 | 20250605164018.0 | ||
| 008 | 250528s ||||||||||||||||||||||||d | ||
| 035 | _a16213 | ||
| 020 | _a521377854 | ||
| 040 |
_aGR-AtMCL _bgre _dGR-AtMCL _eAACR2 |
||
| 245 | 1 | _aBiological Science / Systems, Maintenance and Change | |
| 250 | _a2nd | ||
| 260 |
_bCambridge University Press, _c1991 |
||
| 300 | _a968 | ||
| 520 | _aA comprehensive and up-to-date information on relevant topics in the biological sciences. Preface, Acknowledgements, Transport, Transport in Plants, Transport in Animals, Coordination and Control in Plants, Coordination and Control in Animals, Movement and Support, Homeostasis, Excretion and Osmoregulation, Reproduction, Growth and Development, Continuity of Life, Variation and Genetics, Evolution - History of Life, Mechanisms of Speciation, Answers and Discussion, Index. | ||
| 700 | 1 |
_aGreen N. P. O _92289 |
|
| 700 | 1 |
_aSoper R _92290 |
|
| 700 | 1 |
_aStout G. W _92291 |
|
| 700 | 1 |
_aTaylor D.J _92292 |
|
| 942 | _cBK | ||
| 999 |
_c1742 _d1742 |
||